| 000 | 00510nam a2200181Ia 4500 | ||
|---|---|---|---|
| 005 | 20250326124917.0 | ||
| 008 | 250326s9999 xx 000 0 und d | ||
| 037 | _aTextbook | ||
| 040 |
_aFMSL _beng _cFMSL |
||
| 041 |
_aeng _2eng |
||
| 084 |
_aX:8F K57 _qFMSL |
||
| 100 |
_aBedford N M _9738204 |
||
| 245 | 0 |
_aIncome determination theory: accounting fram,ework _cBedford N M |
|
| 260 |
_aNY _bNY, Addison-Wesley _c1965 |
||
| 300 | _a238p | ||
| 942 |
_cTB _hX:8F K57 |
||
| 999 |
_c1275740 _d1275740 |
||